NÁVRH CHARTEROVEJ OPLACHTENEJ (The project of charter sailing yacht) [CD-ROM] : Diplomová práca

Salvato in:
Dettagli Bibliografici
Autore principale: Lindner, Jakub, 1983- (Autore)
Altri autori: Patek, Peter, 1950- (xxx)
Natura: Manoscritto Libro
Lingua:slovacco
Pubblicazione: Bratislava : STU v Bratislave SjF, 2007
Soggetti:
Tags: Aggiungi Tag
Nessun Tag, puoi essere il primo ad aggiungerne!!

MARC

LEADER 00000ntm a22000003a 4500
001 stu154616
005 20150617225945.7
008 080109s2007----xo------------------slo-d
040 |a STU  |b slo 
041 0 |a slo 
044 |a xo 
100 1 |a Lindner, Jakub,  |d 1983-  |4 aut  |u J230  |U SjF Ústav dopravnej techniky a konštruovania  |T SjF Katedra automobilov, lodí a spaľovacích motorov  |X 28645  |U J230  |Y 46  |7 A000028645 
245 1 |a NÁVRH CHARTEROVEJ OPLACHTENEJ (The project of charter sailing yacht) [CD-ROM] :  |b Diplomová práca 
260 |a Bratislava :  |b STU v Bratislave SjF,  |c 2007 
300 |a 67 
650 7 |a charterova oplachtená jachta  |2 stusub 
650 7 |a sloopové oplachtenie  |2 stusub 
650 7 |a charter sailing yacht  |2 estusub 
650 7 |a sloop rigging  |2 estusub 
700 1 |a Patek, Peter,  |d 1950-  |4 xxx  |u J230  |U SjF Ústav dopravnej techniky a konštruovania  |T SjF Katedra automobilov, lodí a spaľovacích motorov  |X 2413  |U J230  |Y 46  |7 A000002413 
996 |b 284J032053  |c J*108453  |l JJSK  |s A  |a 24  |w stu154616_0001